| 000 | 00743nam a2200217 i 4500 | ||
|---|---|---|---|
| 001 | bg | ||
| 100 | 1 | _aMIERNIKIEWICZ, Adam | |
| 245 | 1 | 0 |
_aDoświadczalno-teoretyczne podstawy obróbki elektroerozyjnej (EDM) / _cAdam Miernikiewicz. |
| 260 |
_aKraków : _bPK, _c2000. |
||
| 300 |
_a216 s. : _bil. ; _c24 cm. |
||
| 490 | 1 | _aMonografia / Politechnika Krakowska im. Tadeusza Kościuszki. Mechanika | |
| 500 | _aISSN i nr serii gł. : 0860-097X ; 274. - Streszcz. ang., niem. | ||
| 504 | _aBibliogr. | ||
| 650 | 9 | _aElektroerozja | |
| 830 | 0 |
_aMonografia (Politechnika Krakowska im. Tadeusza Kościuszki). _pMechanika |
|
| 040 | _cBPK | ||
| 041 | 0 |
_apl _bende |
|
| 080 | _a621.9 | ||
| 942 | _cKS | ||
| 008 | s pl f |000 0 pol | ||
| 999 |
_c39629 _d39629 |
||
| 856 |
_uhttp://koha.tu.koszalin.pl/cgi-bin/koha/opac-detail.pl?biblionumber=39629 _yKatalog online BPK |
||